00646nam a22001812 4500001001100000005001700011008004100028020001700069040001500086100003700101245010100138260005800239300001700297650005300314650002600367650004100393700003000434000002519220151217160134.0150224s xx 000 0 eng d a0314800425 : aKABUcKABU1 aMiller, Roger LeRoy.@000009754510aUnderstanding business :ba world of opportunities /cby Roger L. Miller, Lois Schneider Farese. aSt. Paul, New York :bWest Publishing Company,c1992. axiv, 591 p. 0aBusiness enterprisesxUnited States.@0000150702 0aBusiness.@0000149956 0aUnited StatesxCommerce.@00001856551 aFarese, Lois.@0000097546